| 000 | 00723cam a2200241 4500 | ||
|---|---|---|---|
| 001 | ABS61308 | ||
| 008 | 000000n1999 000 0 eng u | ||
| 035 | _a(Sirsi) u100698 | ||
| 110 |
_aMace _9462 |
||
| 245 | _aLead times | ||
| 260 | _c1999 | ||
| 490 |
_aBuilding _v264(8105) 24 September 1999, 64-67(4) |
||
| 520 | _aTakes a look at current lead times, and also studies enquiries, tenders, workloads for brickwork and the labour market for bricklayers. Graphs. | ||
| 590 | _aABS | ||
| 650 | _aLEAD TIMES | ||
| 650 | _aTENDER PRICES | ||
| 650 | _aCONSTRUCTION MARKET | ||
| 650 | _aLABOUR MARKET | ||
| 650 | _aBRICKWORK | ||
| 690 | _aBUILT ENVIRONMENT | ||
| 710 |
_aGardiner and Theobald _9719 |
||
| 942 | _n0 | ||
| 999 |
_c60219 _d60219 |
||